| 000 | 00719nam a22002177a 4500 | ||
|---|---|---|---|
| 999 |
_c1580 _d1580 |
||
| 001 | 10607 | ||
| 003 | BD-DhUAP | ||
| 005 | 20200210125005.0 | ||
| 008 | 200210s1995 pk ||||| |||| 00| 0 eng d | ||
| 040 |
_aBD-DhUAP _bEng _cBD-DhUAP _dBD-DhUAP |
||
| 082 |
_223 _a346.54910436 MOK |
||
| 100 | _aMokal, Sardar Muhammad Iqbal Khan. | ||
| 245 |
_aThe transfer of property act : _b(iv of 1882) / _cSardar Muhammad Iqbal Khan Mokal. |
||
| 250 | _a10th ed. | ||
| 260 |
_aLahore : _bP. L. D. Publishers, _c1995. |
||
| 300 |
_axxiii, 270 pages ; _c24 cm. |
||
| 650 |
_aTransfer (Law) _zPakistan. |
||
| 650 |
_aLand titles _vRegistration and transfer _zPakistan. |
||
| 650 |
_aAssignments (Law) _zPakistan. |
||
| 942 |
_2ddc _cBK |
||